| 000 | 00799nam a2200253 i 4500 | ||
|---|---|---|---|
| 001 | 129831 | ||
| 003 | ES-MaACL | ||
| 005 | 20230906193604.0 | ||
| 007 | t| | ||
| 008 | 070709s1981 fr ||||1| fre d | ||
| 020 | _a2-501-00101-X | ||
| 080 | _a811.133.1'373.421(038) | ||
| 100 | 1 |
_aYounes, Georges. _9117676 |
|
| 245 | 1 | 0 |
_aDictionnaire Marabout des synonymes / _cGeorges Younes. |
| 260 |
_a[Bélgica] : _bMarabout, _c[1981] |
||
| 300 |
_a452 p. ; _c18 cm. |
||
| 490 | 1 |
_aMarabout service ; _v235 |
|
| 500 | _aBiblioteca Jacinto Martínez Lacalle. | ||
| 650 | 4 |
_aLengua francesa- _xSinónimos y antónimos. _914233 |
|
| 650 | 4 |
_aLengua francesa- _vDiccionarios. _914205 |
|
| 830 | 0 |
_aMarabout service ; _v235 _9191871 |
|
| 852 |
_aES-MaACL _jE-11846 _bR.139078 |
||
| 999 |
_c129831 _d129831 |
||